MECHANICS AND RELATIVITY (Record no. 9300)
[ view plain ]
| 000 -LEADER | |
|---|---|
| fixed length control field | 00681nam a22001577a 4500 |
| 003 - CONTROL NUMBER IDENTIFIER | |
| control field | SGT |
| 082 ## - DEWEY DECIMAL CLASSIFICATION NUMBER | |
| Classification number | 531.1,YAD |
| 100 ## - MAIN ENTRY--PERSONAL NAME | |
| Personal name | YADAV,B.S |
| 245 ## - TITLE STATEMENT | |
| Title | MECHANICS AND RELATIVITY |
| 250 ## - EDITION STATEMENT | |
| Edition statement | 1ST |
| 260 ## - PUBLICATION, DISTRIBUTION, ETC. (IMPRINT) | |
| Place of publication, distribution, etc | NEW DELHI |
| Name of publisher, distributor, etc | PRAGATI PRAKASHAN |
| Year of Publication | 2012 |
| 300 ## - PAGE DESCRIPTION | |
| No. of Pages | 411 |
| 650 ## - SUBJECT ADDED ENTRY--TOPICAL TERM | |
| Topical term or geographic name as entry element | CLASSICAL MECHANICS |
| 653 ## - KEYWORDS--INDEX TERM | |
| Keyword term | KINEMATICS OF A PARTICLE AND FRICTIONAL FORCES, UNIFORM CIRCULAR MOTION, WORK AND ENERGY, CONSERVATIVE AND NON CONSERVATIVE FORCES, CENTER OF MASS, COLLISIONS, ROCKET PROPULSION, ROTATIONAL MOTION: TORQUE AND ANGULAR MOMENTUM, CONSERVATION OF ANGULAR MOMENTUM: MOTION OF TOP, MOTION UNDER CENTRAL FORCES: GRAVITATION, ELASTIC PROPERTIES OF SOLIDS |
| 942 ## - ADDED ENTRY ELEMENTS (KOHA) | |
| Source of classification or shelving scheme | Dewey Decimal Classification |
| Koha item type | FPS Books |
| 942 ## - ADDED ENTRY ELEMENTS (KOHA) | |
| -- | 7 |
| Withdrawn status | Lost status | Source of classification or shelving scheme | Damaged status | Not for loan | Collection code | Home library | Current library | Shelving location | Date acquired | Vendor Name | Cost, normal purchase price | SGTU | Bill Number | Total Checkouts | Full call number | Accession No. (Barcode) | Date last seen | Date last borrowed | Bill Date | Koha item type |
|---|---|---|---|---|---|---|---|---|---|---|---|---|---|---|---|---|---|---|---|---|
| Dewey Decimal Classification | SCIENCE | SGT Science & Social Sciences Library | SGT Science & Social Sciences Library | Text Book | 28/06/2016 | SPARSH BOOK | 200.00 | SGTU | 1290 | 9 | 531.1,YAD | PS560 | 15/01/2025 | 13/01/2025 | 25/11/2014 | FPS Books | ||||
| Dewey Decimal Classification | SCIENCE | SGT Science & Social Sciences Library | SGT Science & Social Sciences Library | Text Book | 28/06/2016 | SPARSH BOOK | 200.00 | SGTU | 1290 | 6 | 531.1,YAD | PS561 | 15/01/2025 | 15/01/2025 | 25/11/2014 | FPS Books | ||||
| Dewey Decimal Classification | SCIENCE | SGT Science & Social Sciences Library | SGT Science & Social Sciences Library | Text Book | 28/06/2016 | SPARSH BOOK | 200.00 | SGTU | 1290 | 6 | 531.1,YAD | PS562 | 15/01/2025 | 04/01/2025 | 25/11/2014 | FPS Books |